| 000 | 00363cam a22001217a 4500 | ||
|---|---|---|---|
| 008 | 180718b1991 xxu||||| |||| 00| 0 eng d | ||
| 020 | _a81 85193 09 6 | ||
| 100 | _aSingh, Sri mati Rachana | ||
| 245 |
_aSrojni naidu ( jiwan avom kratitva ) _cby Sri mati Rachana Singh |
||
| 260 |
_aVaranasi _bRishi Publication _c1991 |
||
| 300 | _aii,237p. | ||
| 650 | _aSrojni naidu | ||
| 999 |
_c439514 _d439514 |
||